| 000 -LEADER | |
|---|---|
| fixed length control field | 00403nam a22001697a 4500 |
| 005 - DATE AND TIME OF LATEST TRANSACTION | |
| control field | 20210831105308.0 |
| 008 - FIXED-LENGTH DATA ELEMENTS--GENERAL INFORMATION | |
| fixed length control field | 160526b xxu||||| |||| 00| 0 eng d |
| 020 ## - INTERNATIONAL STANDARD BOOK NUMBER | |
| ISBN | 978-81-7194-551-1 |
| 041 ## - LANGUAGE CODE | |
| Language code of text/sound track or separate title | eng |
| 082 ## - DEWEY DECIMAL CLASSIFICATION NUMBER | |
| Item number | 5079 |
| Classification number | 346.066 |
| 100 ## - MAIN ENTRY--AUTHOR NAME | |
| Personal name | MAJUMDAR. A K |
| 245 ## - TITLE STATEMENT | |
| Title | Company Law |
| 260 ## - PUBLICATION, DISTRIBUTION, ETC. (IMPRINT) | |
| Place of publication | New Delhi |
| Name of publisher | Academic Faundation |
| 300 ## - PHYSICAL DESCRIPTION | |
| Number of Pages | 29.8 |
| 650 ## - SUBJECT ADDED ENTRY--TOPICAL TERM | |
| Topical Term | Management |
| 942 ## - ADDED ENTRY ELEMENTS (KOHA) | |
| Koha item type | Books |
| Lost status | Damaged status | Collection code | Home library | Current library | Shelving location | Date acquired | Cost, normal purchase price | Full call number | Accession Number | Koha item type | Source of acquisition |
|---|---|---|---|---|---|---|---|---|---|---|---|
| Reference | JRU Library | JRU Library | SHELF-75-N | 26/05/2016 | 450.00 | 346.066 | 5079 | Books | |||
| Reference | JRU Library | JRU Library | SHELF-1-C | 26/05/2016 | 450.00 | 346.066 | 5080 | Books | PURCHASE |